000 00275nam a22001217a 4500
040 _cHS
082 _a307
100 _aជួង សុផល
245 _aអភិវឌ្ឍន៍ជនបទ
260 _aRUA
_bជួង សុផល
_cNA
300 _a71p;
942 _cKB
999 _c9328
_d9328